| Tag |
First Indicator |
Second Indicator |
Subfields |
| LEADER |
00000cam a2200000 4500 |
| 001 |
in00000047674 |
| 005 |
20151007073447.0 |
| 008 |
761108r19551952ilua 00000 eng |
| 010 |
|
|
|a 55013549
|
| 035 |
|
|
|a (OCoLC)02546645
|
| 035 |
|
|
|9 AAE9760AM
|
| 040 |
|
|
|a DLC
|c OHI
|d OCL
|d TXA
|d UtOrBLW
|
| 049 |
|
|
|a TXAM
|c [272536]
|
| 050 |
0 |
0 |
|a TK9960
|b .D44 1955
|
| 082 |
0 |
|
|a 621.388
|
| 092 |
|
|
|a 621.388
|b D427p, 1955
|
| 100 |
1 |
|
|a Derby, John.
|
| 245 |
1 |
0 |
|a Popular Mechanics fix-it-yourself television manual.
|
| 264 |
|
1 |
|a [Chicago] :
|b [Popular Mechanics Press],
|c [1955]
|
| 300 |
|
|
|a 164 pages :
|b illustrations ;
|c 24 cm.
|
| 336 |
|
|
|a text
|b txt
|2 rdacontent
|
| 337 |
|
|
|a unmediated
|b n
|2 rdamedia
|
| 338 |
|
|
|a volume
|b nc
|2 rdacarrier
|
| 500 |
|
|
|a First published in 1952 under title: All about television.
|
| 650 |
|
0 |
|a Television
|v Amateurs' manuals.
|
| 740 |
0 |
|
|a Fix-it-yourself television manual.
|
| 999 |
|
|
|a MARS
|
| 999 |
f |
f |
|s 2e72e47c-af21-3b85-bd8a-f30e89d9acd2
|i 446bdce6-b688-3e7d-846b-028be93bd91f
|t 0
|
| 952 |
f |
f |
|p ric
|a Texas A&M University
|b Rellis Campus
|c Joint Library Facility
|d Remote Storage
|t 0
|e TK9960 .D44 1955
|h Library of Congress classification
|i unmediated -- volume
|m A14801039512
|
| 998 |
f |
f |
|a TK9960 .D44 1955
|t 0
|l Remote Storage
|